[Event "SVK 3.liga A2"]
[Site "?"]
[Date "2019.12.08"]
[Round "5.4"]
[White "Orvisky, Vladimir"]
[Black "Doucha, Ludvig"]
[Result "0-1"]
[WhiteElo "1714"]
[BlackElo "1815"]
[PlyCount "118"]
[EventDate "2019.10.06"]

1. c4 Nf6 2. Nc3 g6 3. d4 c5 4. d5 e5 5. e4 d6 6. Nf3 Bg7 7. Be2 a6 8. Bd2 Nh5
9. Qc1 Nf4 10. Bxf4 exf4 11. Qxf4 Qe7 12. O-O O-O 13. Rfe1 Nd7 14. Bd3 Ne5 15.
Nxe5 Bxe5 16. Qd2 Bd7 17. a4 Rab8 18. a5 Qh4 19. g3 Qf6 20. Rab1 b6 21. Ne2
bxa5 22. Qxa5 Qf3 23. Nc1 Rxb2 24. Rxb2 Bxb2 25. Bf1 Be5 26. Qd2 a5 27. Nd3 Rb8
28. Bg2 Qf6 29. Rf1 a4 30. Kh1 Bc3 31. Qe2 Qd4 32. Nc1 Rb2 33. Qe3 a3 34. Qxd4
Bxd4 35. Nd3 Rd2 36. Nc1 Rb2 37. Nd3 Rb3 38. Nc1 Rb2 39. Nd3 Rd2 40. Nc1 Ba4
41. f4 f6 42. Re1 a2 43. Nxa2 Rxa2 44. Bf1 Bc2 45. h3 Ra1 46. Rxa1 Bxa1 47. Kg2
Bxe4+ 48. Kf2 Bd4+ 49. Ke2 h5 50. g4 hxg4 51. hxg4 Kf8 52. Kd2 Ke7 53. Bh3 g5
54. f5 Kd7 55. Bf1 Kc7 56. Bd3 Bf3 57. Be2 Bxe2 58. Kxe2 Kb6 59. Kd2 Ka5 0-1

[Event "SVK 3.liga A2"]
[Site "?"]
[Date "2019.12.08"]
[Round "5.4"]
[White "Bahna, Jan"]
[Black "Bardik, Jozef"]
[Result "0-1"]
[WhiteElo "1798"]
[BlackElo "1845"]
[PlyCount "64"]
[EventDate "2019.10.06"]

1. e4 c6 2. d4 d5 3. Nd2 dxe4 4. Nxe4 Bf5 5. Ng3 Bg6 6. Nf3 e6 7. Ne5 Bd6 8.
Nxg6 hxg6 9. h3 Nf6 10. Be2 Qc7 11. Qd3 Nbd7 12. c3 O-O-O 13. Bd2 e5 14. Ne4
Nxe4 15. Qxe4 Nf6 16. Qc2 exd4 17. cxd4 Rhe8 18. a3 Re7 19. Kf1 Rde8 20. Bf3
Kb8 21. g4 Ne4 22. Be3 Bf4 23. Bc1 Qd6 24. Qd3 f5 25. Rg1 Bxc1 26. Rxc1 Qf4 27.
Rd1 Ng5 28. Bg2 Re3 29. Qd2 fxg4 30. hxg4 Re1+ 31. Qxe1 Rxe1+ 32. Rxe1 Qxd4 0-1

[Event "SVK 3.liga A2"]
[Site "?"]
[Date "2019.12.08"]
[Round "5.5"]
[White "Pribila, Gerhard"]
[Black "Sebesta, Radovan"]
[Result "1/2-1/2"]
[WhiteElo "2120"]
[BlackElo "1997"]
[PlyCount "31"]
[EventDate "2019.10.06"]

1. c4 Nf6 2. g3 e6 3. Bg2 d5 4. Nf3 Be7 5. O-O O-O 6. b3 c6 7. Bb2 Nbd7 8. d4
Re8 9. Nc3 Rb8 10. Qc2 Nb6 11. c5 Nbd7 12. b4 Nf8 13. b5 Ng6 14. Rfd1 Bd7 15.
bxc6 Bxc6 16. Rab1 1/2-1/2

[Event "SVK 3.liga A2"]
[Site "?"]
[Date "2019.12.08"]
[Round "5.5"]
[White "Palka, Miroslav"]
[Black "Nemsak, Denis"]
[Result "0-1"]
[WhiteElo "1865"]
[BlackElo "2071"]
[PlyCount "104"]
[EventDate "2019.10.06"]

1. c4 e5 2. Nc3 Nc6 3. g3 f5 4. Bg2 Nf6 5. d3 Bb4 6. a3 Bxc3+ 7. bxc3 O-O 8. e3
d6 9. Ne2 Qe8 10. d4 Bd7 11. c5 Kh8 12. cxd6 cxd6 13. O-O Na5 14. dxe5 dxe5 15.
f4 e4 16. Nd4 Rc8 17. Bd2 Nc4 18. h3 Nd5 19. Qe2 Nxd2 20. Qxd2 Rxc3 21. Rfe1
Qe7 22. Rab1 b6 23. Rb3 Qc5 24. Rxc3 Qxc3 25. Qxc3 Nxc3 26. Bf1 Rc8 27. Rc1 g6
28. Kf2 Kg7 29. Ke1 Kf6 30. Kd2 Na4 31. Rxc8 Bxc8 32. Nc6 a6 33. Bc4 b5 34. Bb3
Nc5 35. Bc2 Ke6 36. Kc3 Kd6 37. Ne5 Nd7 38. Nf7+ Kc5 39. Bb3 Nf6 40. Bd1 a5 41.
Ne5 Be6 42. g4 b4+ 43. axb4+ axb4+ 44. Kb2 Nd7 45. Bb3 Nxe5 46. Bxe6 Nc4+ 47.
Kc1 Nxe3 48. Bg8 fxg4 49. hxg4 h5 50. gxh5 gxh5 51. Bh7 Kd4 52. f5 Nd5 0-1

[Event "SVK 3.liga A2"]
[Site "?"]
[Date "2019.12.08"]
[Round "5.5"]
[White "Brunovsky, Peter"]
[Black "Skapikova, Lubica"]
[Result "1/2-1/2"]
[WhiteElo "1897"]
[BlackElo "1832"]
[PlyCount "87"]
[EventDate "2019.10.06"]

1. c4 e5 2. Nc3 Nc6 3. g3 g6 4. Bg2 Bg7 5. e4 Nge7 6. Nge2 O-O 7. O-O d6 8. d3
f5 9. h3 Kh8 10. Kh2 Ng8 11. Nd5 Nce7 12. Be3 c6 13. Nxe7 Qxe7 14. Qd2 Be6 15.
Rac1 h6 16. f4 exf4 17. Nxf4 Qe8 18. Rfe1 g5 19. Nxe6 Qxe6 20. exf5 Qxf5 21.
Rf1 Qe6 22. Rxf8 Rxf8 23. Re1 Qd7 24. b3 Ne7 25. d4 Nf5 26. g4 Nh4 27. Bf2 Nxg2
28. Kxg2 Qf7 29. Qe3 d5 30. c5 Qf4 31. Qxf4 Rxf4 32. Rd1 Kg8 33. Be3 Re4 34.
Kf3 Kf7 35. Ke2 Kg6 36. Kd3 Bf6 37. Rf1 b6 38. b4 Re8 39. cxb6 axb6 40. Rc1 Re6
41. a4 Bd8 42. Bd2 Rf6 43. Ke2 Re6+ 44. Kd3 1/2-1/2

[Event "SVK 3.liga A2"]
[Site "?"]
[Date "2019.12.08"]
[Round "5.5"]
[White "Huska, Branislav"]
[Black "Danada, Ondrej"]
[Result "1/2-1/2"]
[WhiteElo "1857"]
[BlackElo "1874"]
[PlyCount "100"]
[EventDate "2019.10.06"]

1. e4 c6 2. d4 d5 3. Nc3 dxe4 4. Nxe4 Bf5 5. Ng3 Bg6 6. h4 h6 7. h5 Bh7 8. Nf3
Nd7 9. Bd3 Bxd3 10. Qxd3 Qc7 11. Bd2 Ngf6 12. O-O-O e6 13. Kb1 O-O-O 14. Ne4
Nxe4 15. Qxe4 Bd6 16. c4 c5 17. Bc3 Nf6 18. Qe2 Kb8 19. dxc5 Qxc5 20. Bxf6 Qf5+
21. Qc2 Qxf6 22. Rd3 Bc7 23. Rhd1 Rxd3 24. Rxd3 Rd8 25. Rxd8+ Qxd8 26. Qd2 Qxd2
27. Nxd2 Be5 28. Kc2 Kc7 29. b3 Bd4 30. f3 Be3 31. Kd3 Bxd2 32. Kxd2 Kd6 33.
Kd3 Ke5 34. b4 g6 35. hxg6 fxg6 36. a4 h5 37. a5 g5 38. b5 g4 39. fxg4 hxg4 40.
Ke3 g3 41. a6 bxa6 42. bxa6 Kd6 43. Kf3 Kc5 44. Kxg3 Kxc4 45. Kf4 Kd4 46. Kf3
e5 47. Ke2 Ke4 48. g3 Kd4 49. Kd2 Ke4 50. Ke2 Kd4 1/2-1/2

[Event "SVK 3.liga A2"]
[Site "?"]
[Date "2019.12.08"]
[Round "5.5"]
[White "Havlicek, Peter"]
[Black "Kubis, Ivan"]
[Result "0-1"]
[WhiteElo "1715"]
[BlackElo "1857"]
[PlyCount "62"]
[EventDate "2019.10.06"]

1. e4 e5 2. Nf3 Nc6 3. d4 exd4 4. Nxd4 Nf6 5. Nxc6 bxc6 6. Nc3 Bb4 7. Qd3 Qe7
8. f3 d5 9. Bd2 a5 10. Qe3 O-O 11. e5 Re8 12. f4 Ng4 13. Qf3 Bc5 14. Bd3 Nf2
15. Rf1 Nxd3+ 16. cxd3 Rb8 17. Na4 Bd4 18. Bc3 Bxc3+ 19. bxc3 Qa3 20. Qd1 c5
21. d4 cxd4 22. cxd4 Qe3+ 23. Qe2 Qxe2+ 24. Kxe2 Ba6+ 25. Kf3 Bxf1 26. Rxf1 Rb4
27. Nc5 Rxd4 28. Rc1 Rc4 29. Rxc4 dxc4 30. Ke4 Rd8 31. f5 c3 0-1

[Event "SVK 3.liga A2"]
[Site "?"]
[Date "2019.12.08"]
[Round "5.5"]
[White "Kanka, Tomas"]
[Black "Bendzela, Tibor"]
[Result "1-0"]
[WhiteElo "1717"]
[BlackElo "1630"]
[PlyCount "119"]
[EventDate "2019.10.06"]

1. e4 d5 2. exd5 Qxd5 3. Nc3 Qa5 4. Nf3 Nf6 5. Be2 Bg4 6. O-O Bxf3 7. Bxf3 c6
8. d4 e6 9. Re1 Be7 10. Ne4 Nbd7 11. c3 O-O 12. Bf4 Nxe4 13. Bxe4 Nf6 14. Bc2
h5 15. Qd3 h4 16. Re5 Qa6 17. c4 g6 18. Bg5 Kg7 19. Rxe6 Bd8 20. Bxh4 Rh8 21.
Bg5 Qa5 22. Re5 Qc7 23. Bf4 Qd7 24. Rae1 Qg4 25. Bg3 Rh5 26. Bd1 Qd7 27. Bxh5
Nxh5 28. Re8 Nf6 29. R8e2 Ba5 30. Re7 Qg4 31. h3 Qc8 32. Rb1 Bd8 33. Ree1 Bc7
34. Be5 Bxe5 35. dxe5 Nh5 36. Qd4 Kh7 37. Rbd1 Qe6 38. b3 Ng7 39. Qd7 Qxd7 40.
Rxd7 Rb8 41. Rxf7 Kg8 42. Rf6 Kh7 43. e6 Re8 44. Rf7 Kg8 45. Rxb7 Nxe6 46. Rxa7
c5 47. Ra6 Kf7 48. Rexe6 Rxe6 49. Rxe6 Kxe6 50. Kf1 Ke5 51. Ke2 Kd4 52. Kd2 g5
53. a4 Ke5 54. Ke3 Kd6 55. g3 Kc6 56. f4 gxf4+ 57. gxf4 Kb6 58. h4 Ka5 59. Kd3
Kb4 60. Kc2 1-0

[Event "SVK 3.liga A2"]
[Site "?"]
[Date "2019.12.08"]
[Round "5.5"]
[White "Dest, Stanislav"]
[Black "Kastler, Peter"]
[Result "1/2-1/2"]
[WhiteElo "1563"]
[BlackElo "1683"]
[PlyCount "70"]
[EventDate "2019.10.06"]

1. d4 d5 2. c4 e6 3. Nc3 Nf6 4. Bg5 Be7 5. e3 O-O 6. Nf3 b6 7. Bd3 Bb7 8. O-O
Nbd7 9. Rc1 Rc8 10. cxd5 Nxd5 11. Bxe7 Qxe7 12. Nxd5 Bxd5 13. Ba6 Ra8 14. Rxc7
Qd6 15. Rc1 Bxa2 16. e4 Qb4 17. Qe2 Bb3 18. Rc7 Rfd8 19. Rfc1 Ba4 20. e5 Nf8
21. h3 Bd7 22. Ng5 h6 23. Nf3 Ng6 24. g3 Ne7 25. Bb7 Rab8 26. Be4 a5 27. Ra7
Bb5 28. Bd3 Bxd3 29. Qxd3 Nf5 30. Rcc7 Re8 31. Rxf7 Ne7 32. Rf4 Rf8 33. Rg4 Rf7
34. d5 Qc5 35. dxe6 Rff8 1/2-1/2

[Event "SVK 3.liga A2"]
[Site "?"]
[Date "2019.12.08"]
[Round "5.6"]
[White "Kalmar, Tamas"]
[Black "Kucharek, Jaroslav"]
[Result "0-1"]
[WhiteElo "2077"]
[BlackElo "2042"]
[PlyCount "100"]
[EventDate "2019.10.06"]

1. d4 d5 2. c4 e6 3. Nc3 Nf6 4. Bg5 Be7 5. e3 h6 6. Bh4 O-O 7. Nf3 b6 8. cxd5
exd5 9. Bd3 Be6 10. O-O c5 11. dxc5 bxc5 12. Rc1 Nbd7 13. h3 a6 14. Bg3 Qb6 15.
Qc2 Rac8 16. Rfd1 Rfd8 17. Qb1 Rc6 18. Ne5 Nxe5 19. Bxe5 Nd7 20. Bg3 Bf6 21.
Na4 Qb4 22. Nc3 Ne5 23. Bf1 Ng6 24. Bd3 Ne5 25. Be2 g6 26. Bf1 Rb6 27. b3 Nf3+
28. gxf3 Bxc3 29. Qd3 Bf6 30. Bc7 Rc6 31. Bxd8 Bxd8 32. f4 Be7 33. Bg2 c4 34.
Qc3 Qxc3 35. Rxc3 Bb4 36. Rc2 Rc5 37. bxc4 dxc4 38. Bf1 a5 39. Rdc1 c3 40. a3
Bb3 41. axb4 axb4 42. Re2 Bc4 43. Ree1 Bxf1 44. Kxf1 b3 45. Ke2 c2 46. Kd3 Kf8
47. Kd2 Ke7 48. e4 Rc8 49. Re3 b2 50. Rxc2 Rd8+ 0-1

[Event "SVK 3.liga A2"]
[Site "?"]
[Date "2019.12.08"]
[Round "5.6"]
[White "Londin, Martin"]
[Black "Vegh, Vince"]
[Result "1-0"]
[WhiteElo "1917"]
[BlackElo "1923"]
[PlyCount "153"]
[EventDate "2019.10.06"]

1. e4 c5 2. Nc3 Nc6 3. Bb5 e5 4. Nf3 d6 5. O-O Bg4 6. h3 Bh5 7. d3 a6 8. Bxc6+
bxc6 9. Na4 h6 10. c4 Nf6 11. Qe2 Be7 12. Qe3 Nd7 13. Nc3 Nb6 14. a4 a5 15. b3
Rb8 16. Rb1 Na8 17. Bd2 Nc7 18. Ne2 Na6 19. Ng3 Bg6 20. Rb2 O-O 21. Nf5 Bf6 22.
g4 Nb4 23. Kh2 d5 24. Bxb4 d4 25. Bxa5 dxe3 26. Bxd8 Rfxd8 27. Ne1 exf2 28.
Rfxf2 Rd7 29. Rb1 Bd8 30. Kg2 f6 31. Nh4 Bf7 32. Nhf3 Ba5 33. Ra2 h5 34. Kf1
Be6 35. Rg2 g5 36. Ke2 hxg4 37. hxg4 Rdb7 38. Nd2 Bxd2 39. Kxd2 Rxb3 40. Rxb3
Rxb3 41. Nc2 Rb2 42. Kc3 Rb8 43. Rg1 Kg7 44. Na1 Ra8 45. Nb3 Rh8 46. Nxc5 Bc8
47. a5 Rh2 48. Kb3 Rd2 49. a6 Bxa6 50. Nxa6 Rxd3+ 51. Kb4 Re3 52. Nc5 Re2 53.
Rg3 Kf7 54. Ka5 Rb2 55. Rf3 Rc2 56. Nd7 Ke6 57. Nxf6 Rxc4 58. Nh7 Rc1 59. Nxg5+
Kd6 60. Kb4 Rg1 61. Nf7+ Ke6 62. g5 Rg4 63. Rf6+ Ke7 64. Nh6 Rxg5 65. Rxc6 Kd7
66. Kc5 Rg1 67. Rd6+ Ke7 68. Nf5+ Kf7 69. Kd5 Re1 70. Kxe5 Re2 71. Rd7+ Ke8 72.
Re7+ Kd8 73. Kf6 Rf2 74. Ra7 Rb2 75. e5 Rb6+ 76. e6 Rb8 77. e7+ 1-0

[Event "SVK 3.liga A2"]
[Site "?"]
[Date "2019.12.08"]
[Round "5.6"]
[White "Fekete, Robert"]
[Black "Hrubsa, Marian"]
[Result "1/2-1/2"]
[WhiteElo "1882"]
[BlackElo "1852"]
[PlyCount "32"]
[EventDate "2019.10.06"]

1. e4 e6 2. d4 d5 3. exd5 exd5 4. Bd3 Bd6 5. c3 c6 6. Ne2 Qh4 7. Ng3 Nf6 8.
Qe2+ Kd8 9. Nf5 Bxf5 10. Bxf5 Re8 11. Be3 Ne4 12. Nd2 Nxd2 13. Kxd2 Bf4 14. g3
Bxe3+ 15. fxe3 Qg5 16. Rhf1 g6 1/2-1/2

[Event "SVK 3.liga A2"]
[Site "?"]
[Date "2019.12.08"]
[Round "5.6"]
[White "Harastova, Viera"]
[Black "Meszaros, Lorant"]
[Result "0-1"]
[WhiteElo "1818"]
[BlackElo "1930"]
[PlyCount "72"]
[EventDate "2019.10.06"]

1. d4 f5 2. c4 Nf6 3. Nc3 g6 4. e3 Bg7 5. Nf3 d6 6. Be2 O-O 7. O-O Qe8 8. d5 a5
9. a4 Na6 10. Rb1 h6 11. Nd4 c6 12. Bf3 Bd7 13. e4 fxe4 14. Nxe4 Nxe4 15. Bxe4
Nc5 16. Bc2 Qf7 17. dxc6 bxc6 18. b3 e5 19. Ne2 d5 20. Ba3 Nb7 21. Bxf8 Bxf8
22. cxd5 cxd5 23. Bxg6 Qxg6 24. Qxd5+ Qe6 25. Qxb7 Bc6 26. Qc7 Qd5 27. f3 Bd6
28. Rfd1 Qc5+ 29. Kh1 Bxc7 30. Rdc1 Qb6 31. Rc3 Bd6 32. Rd1 Bb4 33. Rc4 Rf8 34.
Rdc1 Bd5 35. Rg4+ Kh7 36. Ng3 Rf4 0-1

[Event "SVK 3.liga A2"]
[Site "?"]
[Date "2019.12.08"]
[Round "5.6"]
[White "Szocs, Ladislav"]
[Black "Vach, Jozef"]
[Result "1-0"]
[WhiteElo "1763"]
[BlackElo "1701"]
[PlyCount "111"]
[EventDate "2019.10.06"]

1. Nf3 Nf6 2. g3 g6 3. Bg2 Bg7 4. O-O O-O 5. d4 d5 6. c4 c6 7. cxd5 cxd5 8. Nc3
Nc6 9. Qb3 e6 10. e3 Re8 11. Rd1 Na5 12. Qc2 Nc4 13. b3 Nd6 14. Bb2 Bd7 15.
Rac1 Rc8 16. Qb1 Nde4 17. Ne5 Nxc3 18. Bxc3 Qe7 19. Nxd7 Qxd7 20. Qd3 Rc7 21.
Bb2 Rxc1 22. Rxc1 Rc8 23. Rxc8+ Qxc8 24. f3 Qc6 25. Qc3 Nd7 26. Kf2 Qxc3 27.
Bxc3 e5 28. dxe5 Bxe5 29. Bxe5 Nxe5 30. Ke2 Nd7 31. Kd3 Kf8 32. Kd4 Nf6 33. f4
Ke7 34. Bxd5 b6 35. Bf3 Kd6 36. e4 Ke6 37. e5 Nd7 38. Bg4+ Ke7 39. Bxd7 Kxd7
40. Kd5 h6 41. g4 h5 42. gxh5 gxh5 43. h4 Ke7 44. f5 Kd7 45. a3 Ke7 46. b4 Kd7
47. b5 Kc7 48. e6 Kd8 49. exf7 Ke7 50. f8=Q+ Kxf8 51. Kc6 Kf7 52. Kb7 Kf6 53.
Kxa7 Kxf5 54. Kxb6 Kg4 55. Kc5 Kxh4 56. b6 1-0

[Event "SVK 3.liga A2"]
[Site "?"]
[Date "2019.12.08"]
[Round "5.6"]
[White "Harasta, Marian"]
[Black "Rozsas, Daniel"]
[Result "1-0"]
[WhiteElo "1631"]
[BlackElo "1668"]
[PlyCount "67"]
[EventDate "2019.10.06"]

1. d4 d5 2. c4 Nf6 3. Nc3 e6 4. Nf3 Be7 5. e3 O-O 6. Bd3 c6 7. O-O Nbd7 8. Qc2
Qc7 9. Bd2 b6 10. b3 Bb7 11. Rac1 Rac8 12. Rfd1 Bd6 13. Qb2 a5 14. a3 h6 15. h3
b5 16. c5 Be7 17. b4 a4 18. Qc2 Rce8 19. e4 Bc8 20. e5 Nh5 21. g4 f5 22. gxh5
Rf7 23. Kh2 Kh7 24. Rg1 Rg8 25. Rg6 Nf8 26. Rcg1 Qd8 27. Bf4 Bd7 28. Qe2 Kh8
29. Qe3 Nxg6 30. hxg6 Rff8 31. Bxh6 Qe8 32. h4 Bd8 33. h5 Qe7 34. Bxg7+ 1-0

[Event "SVK 3.liga A2"]
[Site "?"]
[Date "2019.12.08"]
[Round "5.6"]
[White "Szabo, Viktor"]
[Black "Bartos, Bohumil"]
[Result "0-1"]
[WhiteElo "1501"]
[BlackElo "1507"]
[PlyCount "56"]
[EventDate "2019.10.06"]

1. d4 Nf6 2. c4 e6 3. Nf3 c5 4. d5 exd5 5. cxd5 d6 6. Nc3 g6 7. g3 Bg7 8. Bg2
O-O 9. O-O Na6 10. a3 Nc7 11. e4 b5 12. Qd3 a6 13. Bg5 Re8 14. Rfe1 Qd7 15. e5
dxe5 16. Nxe5 Qd6 17. Bxf6 Bxf6 18. Nc6 Bf5 19. Qd2 Rxe1+ 20. Rxe1 h5 21. h3 a5
22. Bf1 b4 23. axb4 axb4 24. Ne2 Ra2 25. Nf4 Rxb2 26. Qd1 Rc2 27. Bd3 Bxd3 28.
Qxd3 Rc3 0-1

[Event "SVK 3.liga A2"]
[Site "?"]
[Date "2020.01.05"]
[Round "6.1"]
[White "Kavon, Rastislav"]
[Black "Jozefek, Michal"]
[Result "0-1"]
[WhiteElo "2150"]
[BlackElo "2224"]
[PlyCount "72"]
[EventDate "2020.01.05"]
[SourceDate "2020.01.05"]

1. e4 c5 2. Nf3 d6 3. d4 cxd4 4. Nxd4 Nf6 5. Nc3 Nc6 6. Be2 e5 7. Nb3 Be7 8.
O-O O-O 9. f4 a5 10. Be3 a4 11. Nd2 exf4 12. Rxf4 a3 13. b3 d5 14. exd5 Nb4 15.
Nc4 Nfxd5 16. Nxd5 Nxd5 17. Rd4 Be6 18. Rd3 b5 19. Nb6 Nxe3 20. Rxd8 Nxd1 21.
Rxa8 Bc5+ 22. Kh1 Nf2+ 23. Kg1 Ne4+ 24. Kf1 Bxb6 25. Rxa3 b4 26. Ra6 Bc5 27.
Bd3 Nc3 28. Ra5 Bd6 29. Ra6 Rd8 30. g3 Bh3+ 31. Kf2 Bc5+ 32. Kf3 Bc8 33. Ra5
Bb6 34. Re5 Bd4 35. Ra5 Bb7+ 36. Kg4 g6 0-1

[Event "SVK 3.liga A2"]
[Site "?"]
[Date "2020.01.05"]
[Round "6.1"]
[White "Koutny, Petr"]
[Black "Sekera, Branislav"]
[Result "0-1"]
[WhiteElo "2233"]
[BlackElo "2076"]
[PlyCount "78"]
[EventDate "2019.10.06"]

1. e4 e5 2. Nf3 f5 3. d3 d6 4. Be2 Be7 5. Nc3 Nf6 6. O-O O-O 7. exf5 Bxf5 8. d4
e4 9. Ne1 d5 10. Be3 Nc6 11. Qd2 Bd6 12. Nb5 Bb4 13. c3 Ba5 14. a4 a6 15. Na3
Ne7 16. b4 Bb6 17. a5 Ba7 18. b5 Ng6 19. c4 c6 20. g3 cxb5 21. cxb5 Bb8 22.
bxa6 bxa6 23. Ng2 Bg4 24. Nc2 Bxe2 25. Qxe2 Qd7 26. f3 Qe6 27. f4 Ne7 28. Bd2
Rc8 29. Be3 Ba7 30. Rab1 Rc4 31. Rb4 Rac8 32. Rxc4 Rxc4 33. Nh4 Qc6 34. Rf2 Qa4
35. g4 Qd7 36. Rg2 Ne8 37. f5 Nc6 38. g5 Qb7 39. h3 Qb1+ 0-1

[Event "SVK 3.liga A2"]
[Site "?"]
[Date "2020.01.05"]
[Round "6.1"]
[White "Kozinka, Roman"]
[Black "Kucharek, Jaroslav"]
[Result "0-1"]
[WhiteElo "1952"]
[BlackElo "2053"]
[PlyCount "90"]
[EventDate "2019.10.06"]

1. e4 e5 2. Nf3 Nc6 3. d4 exd4 4. Nxd4 g6 5. Nxc6 bxc6 6. Qd4 Qf6 7. Qxf6 Nxf6
8. Nc3 Bg7 9. Bc4 O-O 10. f3 Re8 11. Kf2 d6 12. Bb3 Nd7 13. Be3 Ne5 14. Ba4 Be6
15. Bd4 Ng4+ 16. fxg4 Bxd4+ 17. Kf3 Bxc3 18. bxc3 Bxg4+ 19. Kf4 Bd7 20. Rab1
Rab8 21. Rxb8 Rxb8 22. e5 d5 23. g4 Kf8 24. h4 Ke7 25. h5 Rg8 26. g5 Rb8 27.
hxg6 hxg6 28. Rh7 Rb6 29. Bb3 Be6 30. Rh8 Ra6 31. Rb8 c5 32. a4 c4 33. Ba2 Rxa4
34. Rb2 d4 35. cxd4 c3 36. Rb7 Bxa2 37. Ke3 Kd7 38. Kd3 Bd5 39. Rb1 Ra3 40. Rb5
Ke6 41. Ke3 c6 42. Rb1 Ra2 43. Kd3 Rxc2 44. Rb7 Rb2 45. Rxa7 c2 0-1

[Event "SVK 3.liga A2"]
[Site "?"]
[Date "2020.01.05"]
[Round "6.1"]
[White "Hrubsa, Marian"]
[Black "Lezovic, Maros"]
[Result "0-1"]
[WhiteElo "1847"]
[BlackElo "1836"]
[PlyCount "72"]
[EventDate "2019.10.06"]

1. e4 e5 2. Nf3 Nc6 3. Bb5 d6 4. O-O Nf6 5. d3 g6 6. Bg5 Bg7 7. Nc3 O-O 8. Qd2
Bg4 9. Nh4 Nd4 10. Bc4 Be6 11. b3 c6 12. Bxe6 Nxe6 13. Bxf6 Qxf6 14. Nf3 Nf4
15. Ne2 Bh6 16. Nxf4 exf4 17. g4 Bg7 18. g5 Qe6 19. Qxf4 Bxa1 20. Rxa1 Rfe8 21.
Re1 f5 22. e5 dxe5 23. Nxe5 Rad8 24. Re3 Rd5 25. Ng4 fxg4 26. Rxe6 Rxe6 27.
Qb8+ Kf7 28. Qxb7+ Re7 29. Qxc6 Rxg5 30. d4 h5 31. a4 h4 32. Qc4+ Kf6 33. d5
Rf5 34. Qd4+ Kg5 35. d6 Re1+ 36. Kg2 h3+ 0-1

[Event "SVK 3.liga A2"]
[Site "?"]
[Date "2020.01.05"]
[Round "6.1"]
[White "Lopatievov, Alexander"]
[Black "Harastova, Viera"]
[Result "1-0"]
[WhiteElo "1851"]
[BlackElo "1798"]
[PlyCount "95"]
[EventDate "2019.10.06"]

1. e4 e5 2. Nf3 Nc6 3. c3 Nf6 4. Qc2 Be7 5. a3 d6 6. h3 a6 7. d4 Bd7 8. d5 Na7
9. Be3 c6 10. c4 cxd5 11. exd5 b5 12. b3 O-O 13. Nc3 bxc4 14. bxc4 Qc7 15. Bd3
Rfc8 16. Nd2 Nb5 17. Nde4 Nxe4 18. Nxe4 f5 19. Nc3 Nxc3 20. Qxc3 Bf6 21. Be2 f4
22. Bd2 e4 23. Qc1 Bxa1 24. Qxa1 Rf8 25. Qd4 f3 26. Bc3 Ba4 27. gxf3 exf3 28.
Rg1 Rf7 29. Bxf3 Re8+ 30. Kd2 Ree7 31. Bh5 Rf5 32. Bg4 Rfe5 33. Be6+ Kh8 34.
Qf4 Qb8 35. Rb1 Qd8 36. Bxe5 dxe5 37. Qxe5 Re8 38. Rb7 Bd7 39. f4 Qa5+ 40. Qc3
Qxc3+ 41. Kxc3 Bxe6 42. dxe6 g6 43. Rb6 a5 44. Kd4 Kg7 45. Ke5 Rc8 46. Rb7+ Kg8
47. Kd4 Rf8 48. e7 1-0

[Event "SVK 3.liga A2"]
[Site "?"]
[Date "2020.01.05"]
[Round "6.1"]
[White "Vach, Jozef"]
[Black "Rau, Vladimir"]
[Result "1/2-1/2"]
[WhiteElo "1708"]
[BlackElo "1708"]
[PlyCount "70"]
[EventDate "2020.01.05"]
[SourceDate "2020.01.05"]

1. e4 c6 2. d4 d5 3. e5 Bf5 4. Nf3 e6 5. Be3 Nd7 6. Nbd2 c5 7. c3 cxd4 8. cxd4
Bb4 9. a3 Bxd2+ 10. Qxd2 Ne7 11. Be2 O-O 12. Nh4 Be4 13. O-O Nf5 14. Nxf5 Bxf5
15. Qb4 Nb6 16. Rac1 Rc8 17. Rc5 Nd7 18. Rxc8 Qxc8 19. Rc1 Qb8 20. a4 Rc8 21.
Bb5 Rxc1+ 22. Bxc1 Qc8 23. Be3 a6 24. Bxd7 Qxd7 25. h3 h6 26. a5 Qc7 27. Kh2
Bd3 28. Bd2 Bb5 29. Bc3 f6 30. f4 Kf7 31. g3 fxe5 32. fxe5 Kg8 33. Be1 Qc2+ 34.
Qd2 Qe4 35. Qf2 Bc6 1/2-1/2

[Event "SVK 3.liga A2"]
[Site "?"]
[Date "2020.01.05"]
[Round "6.1"]
[White "Ganz, Marek"]
[Black "Krakovsky, Peter"]
[Result "0-1"]
[WhiteElo "1660"]
[BlackElo "1669"]
[PlyCount "100"]
[EventDate "2019.10.06"]

1. e4 e5 2. Nf3 Nc6 3. Bc4 Nf6 4. d3 Be7 5. c3 d6 6. h3 h6 7. Be3 Bd7 8. Nbd2
O-O 9. O-O Na5 10. Bb3 Nxb3 11. Qxb3 Bc6 12. Qc2 b6 13. Rfe1 Re8 14. Nf1 Bf8
15. Ng3 g6 16. Qd2 Kh7 17. h4 Bg7 18. h5 Ng4 19. Nh2 Nxh2 20. Kxh2 Qh4+ 21. Kg1
Rf8 22. Rf1 Rae8 23. a4 a6 24. b4 Bd7 25. a5 b5 26. Rac1 f5 27. hxg6+ Kxg6 28.
exf5+ Bxf5 29. d4 Be6 30. Qd3+ e4 31. Qc2 Bc4 32. Rfd1 d5 33. Ne2 Kh7 34. g3
Qg4 35. Re1 Bf6 36. Qd1 Bxe2 37. Qxe2 Qg6 38. Kg2 Bg5 39. Rh1 Rf3 40. Rcf1 Bxe3
41. Qxe3 Rxe3 42. fxe3 Rg8 43. Rh3 Qg4 44. Rf2 Rg6 45. Rf7+ Rg7 46. Rf6 Qe2+
47. Kh1 Qxe3 48. Rxa6 Rxg3 49. Raxh6+ Qxh6 50. Rxh6+ Kxh6 0-1

[Event "SVK 3.liga A2"]
[Site "?"]
[Date "2020.01.05"]
[Round "6.1"]
[White "Harasta, Marian"]
[Black "Dobis, Pavol"]
[Result "1-0"]
[WhiteElo "1657"]
[BlackElo "1578"]
[PlyCount "70"]
[EventDate "2020.01.05"]
[SourceDate "2020.01.05"]

1. d4 d5 2. c4 e6 3. Qc2 Nf6 4. Nf3 c5 5. cxd5 Nxd5 6. dxc5 Qa5+ 7. Bd2 Qxc5 8.
Qxc5 Bxc5 9. e4 Nf6 10. Bb5+ Bd7 11. Bxd7+ Nbxd7 12. Nc3 O-O 13. O-O a6 14. h3
Rfd8 15. Bg5 h6 16. Bh4 g5 17. Bg3 Nf8 18. Rad1 Ng6 19. a3 Ne8 20. b4 Bd6 21.
e5 Bc7 22. Ne4 Kf8 23. Rxd8 Rxd8 24. Nc5 Rd5 25. Re1 Bb6 26. Nxb7 Rd3 27. a4
Nc7 28. a5 Ba7 29. Rc1 Bb8 30. Nc5 Rd8 31. Rb1 Ne7 32. h4 g4 33. Nh2 h5 34. Bf4
Nf5 35. Bg5 Rd2 1-0

[Event "SVK 3.liga A2"]
[Site "?"]
[Date "2020.01.05"]
[Round "6.2"]
[White "Gasa, Andrej"]
[Black "Kalmar, Tamas"]
[Result "1-0"]
[WhiteElo "2205"]
[BlackElo "2060"]
[PlyCount "81"]
[EventDate "2019.10.06"]

1. e4 e6 2. d4 d5 3. Nc3 dxe4 4. Nxe4 Bd7 5. Nf3 Bc6 6. Neg5 Be7 7. h4 Nd7 8.
Bd3 h6 9. Ne4 Ngf6 10. Qe2 Nxe4 11. Bxe4 Bxe4 12. Qxe4 c6 13. Qg4 Bf6 14. Bd2
Qc7 15. O-O-O O-O-O 16. Rhe1 h5 17. Qe4 Qd6 18. c4 g6 19. Kb1 Bg7 20. Bf4 Qb4
21. Rc1 Nc5 22. Qc2 Nd7 23. a3 Qa5 24. Red1 Qf5 25. Qxf5 exf5 26. d5 Nb6 27. b3
Rhe8 28. Bg5 f6 29. Be3 Bf8 30. Kb2 Bd6 31. dxc6 Be5+ 32. Nxe5 fxe5 33. cxb7+
Kxb7 34. Kc2 Nc8 35. Bg5 Rd6 36. Kc3 Kc6 37. b4 Rxd1 38. b5+ Kc7 39. Rxd1 Nd6
40. Be3 Rc8 41. Rd5 1-0

[Event "SVK 3.liga A2"]
[Site "?"]
[Date "2020.01.05"]
[Round "6.2"]
[White "Vegh, Vince"]
[Black "Palka, Miroslav"]
[Result "1/2-1/2"]
[WhiteElo "1917"]
[BlackElo "1860"]
[PlyCount "103"]
[EventDate "2019.10.06"]

1. e4 c5 2. Nf3 d6 3. d4 cxd4 4. Nxd4 Nf6 5. Nc3 g6 6. f3 Bg7 7. Be3 O-O 8. Qd2
Nc6 9. Bc4 Bd7 10. h4 Qa5 11. h5 Nxh5 12. g4 Ne5 13. Bb3 Nf6 14. Bh6 Rfc8 15.
Bxg7 Kxg7 16. O-O-O Rxc3 17. bxc3 Rc8 18. Qh6+ Kg8 19. Nf5 Bxf5 20. gxf5 Nc4
21. Rd3 b5 22. fxg6 fxg6 23. f4 Qa3+ 24. Kd1 Qc5 25. f5 Kf7 26. fxg6+ hxg6 27.
Rf1 Qh5+ 28. Qxh5 gxh5 29. Rf5 e6 30. Rxb5 Nb2+ 31. Ke2 Nxd3 32. Rb7+ Kg6 33.
cxd3 Rxc3 34. Bxe6 Ra3 35. Bb3 Ra5 36. Kf3 h4 37. Be6 Ra3 38. Ke3 Nh5 39. Bf7+
Kh6 40. Rd7 Ra6 41. Rd8 Nf6 42. Be6 Kg5 43. Kf3 Rb6 44. d4 Rc6 45. Rc8 Rxc8 46.
Bxc8 Ne8 47. a4 a5 48. Bb7 h3 49. Kg3 h2 50. Kxh2 Kf4 51. Kg2 Nf6 52. e5
1/2-1/2